| 000 | 00743nam a2200253 a 4500 | ||
|---|---|---|---|
| 001 | 40296 | ||
| 003 | BD-RjUL | ||
| 005 | 20211209053203.0 | ||
| 008 | 160427r19561945enk||||| |||| 001 0 eng d | ||
| 035 | _a(BD-RjUL) 40411 | ||
| 040 |
_aBD-RjUL _beng _cBD-RjUL |
||
| 041 | _aeng | ||
| 082 |
_223 _a530.1 _bHEE 1956 |
||
| 100 |
_aHeitler, W. _9124149 |
||
| 245 | 1 | 0 |
_aElementary Wave Mechanics : _bwith applications to quantum chemistry / _cW. Heitler |
| 250 | _a2nd ed. | ||
| 260 |
_aLondon : _bOxford University Press, _c1956 |
||
| 300 |
_avii, 193p. : _bill. ; _c19 cm. |
||
| 500 | _aIncludes index | ||
| 650 |
_aWave mechanics _9117120 |
||
| 650 |
_aGolfmechanica _9124150 |
||
| 650 |
_aKwantummechanica _9124151 |
||
| 942 |
_2ddc _cBK |
||
| 999 |
_c40296 _d40296 |
||